000 00697nam a22002177a 4500
003 UA-OsUOA
001 128910
007 ta
008 20180201b un ||||| |||| 00| 0 ukr d
100 _aБондаренко Ю.
090 _a82
_bБ81
942 _cSA
040 _aUA-OsUOA
_bukr
_cUA-OsUOA
_dUA-OsUOA
245 _aКонтроль, корекція і застосування літературних знань і вмінь
300 _aС.32-37
955 _a0
041 _aukr
080 _a82
773 0 _w128909
_tУкраїнська мова і література в школі
_dК.
_d2017
_g6
650 7 _a82 Література. Літературознавство
_2UDC
999 _c416684
_d416684